Management of direct investment in less developed countries (Record no. 478066)

000 -LEADER
fixed length control field 00436cam a22001217a 4500
008 - FIXED-LENGTH DATA ELEMENTS--GENERAL INFORMATION
fixed length control field 180718b1957 xxu||||| |||| 00| 0 eng d
082 ## - DEWEY DECIMAL CLASSIFICATION NUMBER
Classification number T478 Am88
245 ## - TITLE STATEMENT
Title Management of direct investment in less developed countries
Statement of responsibility, etc. by Amsterdam University. Foundation for Economic Research
260 ## - PUBLICATION, DISTRIBUTION, ETC.
Place of publication, distribution, etc. Leiden
Name of publisher, distributor, etc. Kroese
Date of publication, distribution, etc. 1957
300 ## - PHYSICAL DESCRIPTION
Extent 238p.
650 ## - SUBJECT ADDED ENTRY--TOPICAL TERM
Topical term or geographic name entry element Foreign Investments
700 ## - ADDED ENTRY--PERSONAL NAME
Personal name Amsterdam University. Foundation for Economic Research
Holdings
Withdrawn status Lost status Damaged status Not for loan Permanent Location Current Location Date acquired Full call number Barcode Date last seen Price effective from Koha item type
        Indian Institute of Public Administration Indian Institute of Public Administration 2018-08-04 T478 Am88 GR1897 2018-08-04 2018-08-04 GR

Powered by Koha